000
00340nam a2200145Ia 4500
008
150201s2008 xx 000 0 und d
082
_a
294.6
_b
S2008N
100
_a
NANAK DEV GURU
245
_a
SIKH STUDIES
250
_a
1ST
260
_b
HEMKUNT PRESS
_a
DELHI
_c
2008
300
_a
Jan-64
650
_a
GENERAL DENTISTRY
942
_2
ddc
_c
BK
999
_c
4268
_d
4268